000 00577nam a2200217Ia 4500
005 20250923145914.0
008 008 250917s9999 xx 000 0 eng d
037 _aTextual
040 _aDSWL
_beng
_cDSWL
041 _aeng
_2eng
084 _aYX,6, N77;2
_qDSWL
100 _aTimms, N.
_9840155
245 0 _aPerspectives in Social Work
_c by N. Timms
260 _aLondon
_bRoutledge
_c1977
300 _a233p.
365 _aINR
_b14.75
700 _a R. Timms
_9840156
925 _g14.75
942 _cTEXL
_hYX,6, N77;2
999 _c1457174
_d1457174